Textbook on Operation Theater Nursing (Record no. 157864)

MARC details
000 -LEADER
fixed length control field 00359nam a2200133Ia 4500
008 - FIXED-LENGTH DATA ELEMENTS--GENERAL INFORMATION
fixed length control field 230411s9999 xx 000 0 und d
041 ## - LANGUAGE CODE
Language code of text/sound track or separate title eng
082 ## - DEWEY DECIMAL CLASSIFICATION NUMBER
Classification number S/617.917/CLE/B07779
100 ## - MAIN ENTRY--PERSONAL NAME
Personal name Clement I
9 (RLIN) 119826
245 ## - TITLE STATEMENT
Title Textbook on Operation Theater Nursing
260 ## - PUBLICATION, DISTRIBUTION, ETC. (IMPRINT)
Name of publisher, distributor, etc. Jaypee Brothers
Place of publication, distribution, etc. New Delhi
Date of publication, distribution, etc. 2014
300 ## - PHYSICAL DESCRIPTION
Extent 912p
Holdings
Withdrawn status Lost status Damaged status Not for loan Collection code Home library Current library Date acquired Vendor Cost, normal purchase price Bill number Total Checkouts Full call number Barcode Date last seen Cost, replacement price Bill Date Koha item type Original Barcode
          Smt. Bakul Tambat Institute of Nursing Education Smt. Bakul Tambat Institute of Nursing Education 25/11/2014 Jaypee Brothers Medical Publishers 695.00 I-176   S 617.917 CLE B07779 BTIN-BK-7779 11/04/2023 507.00 25/11/2014 Books B07779